Ellas hablan /

Sábháilte in:
Sonraí bibleagrafaíochta
Príomhchruthaitheoir: Toews, Miriam (autor)
Rannpháirtithe: Osuna Aguilar, Julia (traducción) (traducción)
Formáid: LEABHAR
Teanga:Spáinnis
Foilsithe / Cruthaithe: Madrid, España : Sexto Piso, 2020, c2020
Sraith:(Narrativa Sexto Piso)
Ábhair:
Clibeanna: Cuir clib leis
Níl clibeanna ann, Bí ar an gcéad duine le clib a chur leis an taifead seo!

MARC

LEADER 00000nam^a2200000^a^4500
001 000429882
005 20260218184916.0
009 20260310122909.211
020 |a 978-84-17517-66-3 
037 |a Acervo ITESO - Biblioteca 
041 |a ESP 
082 |a 819. 13  |b TOE 
100 |a Toews, Miriam  |e (autor) 
240 1 1 |a [Ellas hablan] 
245 1 0 |a Ellas hablan /  |c M. Toews ; tr. por J. Osuna Aguilar. 
264 4 |a Madrid, España :  |b Sexto Piso,  |c 2020, c2020 
300 |a 188 p. 
336 |a texto  |b txt  |2 rdacontenido 
337 |a sin mediación  |b n  |2 rdamedio 
338 |a volumen  |b nc  |2 rdasoporte 
440 1 |a (Narrativa Sexto Piso) 
500 |a Traducción de: Women Talking 
545 0 |a Miriam Toews (Steinbach, Manitoba, 1964), escritora canadiense de expresión inglesa. Nacida en una familia menonita, cursó Estudios Fílmicos en la Universidad de Manitoba y Periodismo en la Universidad de King's College. Escribió Summer of My Amazing Luck (1996), su primera novela, mientras preparaba un reportaje radiofónico sobre las madres que reciben asistencia social pública. La novela A Boy of Good Breeding (1998) y Swing Low: A Life (2000), memorias en la voz de su padre, quien se suicidó dos años antes, ratificaron su reconocimiento nacional. Complicada bondad (2004), galardonada con el Governor General's Award, categoría Ficción en Lengua Inglesa, y finalista del Premio Giller, demarcó la difusión de su literatura en el extranjero y supone una de sus exploraciones narrativas sobre las condiciones y roles de las mujeres en las comunidades menonitas, junto con Irma Voth (2011), novela surgida tras su participación como actriz en la película mexicana Luz silenciosa (Carlos Reygadas, 2007), y Ellas hablan (2018), situada en Bolivia y finalista del Governor General's Award. The Flying Troutmans (2008) y Pequeñas desgracias sin importancia (2014), novelas condecoradas con el Roger Writer's Trust Fiction Prize y la segunda de ellas inspirada en el suicidio de su única hermana, han reafirmado su preocupación e interés en las enfermedades mentales. Finalista del premio Ariel, de la Academia Mexicana de Cine, a la Mejor Actriz por su trabajo con Reygadas (2008), sus novelas Pequeñas desgracias sin importancia y Ellas hablan han sido adaptadas en películas dirigidas por Michael McGowan (2021) y Sarah Polley (2022), la segunda de ellas ganadora del Oscar, de la Academia Norteamericana de Cine, a Mejor Guión Adaptado. Ha colaborado en diversos medios, como la revista canadiense Saturday Night, el suplemento The New York Times Magazine, el diario británico The Guardian o los programas de radio Wire Tap y This American Life. 
649 |a XX 
650 |a Mujeres Menonitas -  |z Santa Cruz, Bolivia -  |x Condiciones Sociales y Culturales 
650 |a Mujeres Menonitas -  |z Bolivia -  |x Condiciones Sociales y Culturales 
650 |a Mujeres Menonitas -  |x Condiciones Sociales y Culturales 
650 |a Menonitas en la Literatura 
650 |a Menonitas -  |z Santa Cruz, Bolivia -  |x Condiciones Sociales y Culturales 
650 |a Menonitas -  |z Bolivia -  |x Condiciones Sociales y Culturales 
650 |a Patriarcado en la Literatura 
650 |a Patriarcado -  |z Santa Cruz, Bolivia -  |x Condiciones Sociales y Culturales 
650 |a Patriarcado -  |z Bolivia -  |x Condiciones Sociales y Culturales 
650 |a Novela Canadiense 
650 |a Religión y Literatura -  |z Canadá 
650 |a Literatura en Inglés -  |z Canadá 
650 |a Literatura de Mujeres -  |z Canadá 
650 |a Literatura Canadiense -  |y Siglo XXI 
650 |a Violación -  |z Santa Cruz, Bolivia -  |x Historia -  |y 2006-2020 
650 |a Violación -  |z Santa Cruz, Bolivia -  |x Historia -  |y Siglo XXI 
650 |a Violación -  |z Bolivia -  |x Historia -  |y 2006-2020 
650 |a Violación -  |z Bolivia -  |x Historia -  |y Siglo XXI 
650 |a Santa Cruz, Bolivia en la Literatura 
650 |a Bolivia en la Literatura 
700 |a Osuna Aguilar, Julia  |e (traducción) 
910 |a Fondo General 
920 |a Impresos - Libros 
930 |a Colección General 
940 |a Literatura 
905 |a 101 
901 |a 0500353410  |b IT1  |c LIT  |i C175166  |u 20250521 
902 |a https://opac.biblio.iteso.mx/vufind/Record/000429882